[Event "Euro Online U2300 Day 2"]
[Site "chess.com INT"]
[Date "2020.05.26"]
[Round "3"]
[White "Astafurov, Arseniy"]
[Black "Samadov, Read"]
[Result "0-1"]
[WhiteTitle "FM"]
[BlackTitle "CM"]
[WhiteElo "2330"]
[BlackElo "2332"]
[WhiteFideId "24175218"]
[BlackFideId "13417444"]
[EventDate "2020.05.26"]

1. Nf3 Nf6 2. g3 b5 3. Bg2 Bb7 4. O-O e6 5. b3 Be7 6. Bb2 O-O 7. d3 c5 8. c4 a6
9. Nc3 Qb6 10. e3 d5 11. cxd5 Nxd5 12. Ne4 Nd7 13. a3 N7f6 14. Ned2 Rfd8 15. Ne5
Nd7 16. Ndf3 Nxe5 17. Nxe5 Nf6 18. Bxb7 Qxb7 19. Qc2 h5 20. h4 Nd7 21. Nxd7 Qxd7
22. Rfd1 Rac8 23. a4 Qb7 24. axb5 axb5 25. e4 f6 26. Qe2 g6 27. Qe3 Kh7 28. b4
e5 29. Bc1 Bf8 30. bxc5 Rxc5 31. Bd2 b4 32. Rdb1 b3 33. Kg2 Rc7 34. Ba5 Bc5 35.
Qf3 Rcd7 36. Bxd8 Rxd8 37. Ra4 Kg7 38. d4 Bxd4 39. Rxb3 Qc6 40. Rab4 Rd7 41. Qe2
f5 42. Rc4 Qa8 43. Kh2 fxe4 44. Rc2 Rf7 45. Qe1 Qa4 46. Qb4 Qa6 47. Qb5 Qe6 48.
Kg2 Qg4 49. Qe2 Qe6 50. Ra3 Qd5 51. Kh2 Rxf2+ 52. Qxf2 Bxf2 53. Rxf2 Qc5 54.
Raa2 e3 55. Rfe2 Kf6 56. Kg2 Kf5 57. Ra1 Qd5+ 58. Kh2 Qd3 59. Rae1 Ke4 60. Kg2
Kd4 61. Kg1 Qe4 62. Kh2 Qf3 63. Ra2 Ke4 64. Ra4+ Kd3 65. Ra2 e4 66. Rg1 e2 67.
Ra3+ Kd2 68. Ra2+ Ke3 69. Ra3+ Kf2 70. Raa1 Qc3 71. Rg2+ Kf3 72. Rgg1 Qd2 73.
Rae1 Kf2 74. Ra1 e1=Q 75. Rgxe1 Qxe1 76. Rxe1 Kxe1 0-1

[Event "Euro Online U2300 Day 2"]
[Site "chess.com INT"]
[Date "2020.05.26"]
[Round "3"]
[White "Tobak, Mikhail"]
[Black "Krayz, Alexander"]
[Result "0-1"]
[BlackTitle "IM"]
[WhiteElo "2067"]
[BlackElo "2350"]
[WhiteFideId "14165570"]
[BlackFideId "2802066"]
[EventDate "2020.05.26"]

1. e4 e6 2. d3 d5 3. Nd2 g6 4. Ngf3 Bg7 5. g3 Nf6 6. Bg2 O-O 7. O-O c5 8. Re1
Nc6 9. Qe2 b6 10. Nf1 h6 11. h4 e5 12. exd5 Nxd5 13. Ne3 Be6 14. c3 Qd7 15. Nc4
Rfe8 16. a4 Rad8 17. Rd1 Bg4 18. Ne3 Be6 19. Bd2 Nc7 20. Be1 Bh3 21. Qf1 Bxg2
22. Qxg2 Qe6 23. h5 e4 24. dxe4 Qxe4 25. hxg6 fxg6 26. Nd2 Qxg2+ 27. Kxg2 Ne5
28. Ndc4 Nd3 29. Kf1 Nxe1 30. Kxe1 h5 31. Ke2 Ne6 32. a5 Nd4+ 33. cxd4 cxd4 34.
axb6 axb6 35. Ra6 dxe3 36. Rxd8 Rxd8 37. Nxe3 Bd4 38. b3 Re8 39. Kd3 Bxe3 40.
fxe3 Re6 41. Kd4 Kg7 42. e4 Kf6 43. b4 g5 44. b5 h4 45. gxh4 gxh4 46. Ra8 Rd6+
47. Ke3 Kg5 48. Rg8+ Rg6 49. Rh8 Rh6 50. Rg8+ Kf6 51. Kf4 h3 52. Rg1 h2 53. Rh1
Ke6 54. Kg5 Rh8 55. Kf4 Rh7 56. Ke3 Ke5 57. Kf3 Rh8 58. Kg2 Kxe4 59. Re1+ Kd5
60. Kh1 Kc5 61. Re5+ Kc4 62. Rg5 Rd8 63. Kxh2 Rd5 64. Rg1 Kxb5 65. Rb1+ Kc5 66.
Kg2 b5 67. Kf3 b4 68. Ke4 Rd8 69. Rc1+ Kb5 70. Rb1 Kc4 71. Rc1+ Kb3 72. Rb1+ Kc3
73. Rc1+ Kb2 74. Rc7 b3 75. Ke3 Kb1 76. Rc6 b2 77. Ra6 Rd5 78. Ke2 Kc2 79. Rc6+
Kb3 80. Rb6+ Kc3 81. Rc6+ Kb4 82. Rb6+ Rb5 0-1

[Event "Euro Online U2300 Day 2"]
[Site "chess.com INT"]
[Date "2020.05.26"]
[Round "3"]
[White "Zvereva, Margarita"]
[Black "Khojayan, Vardan"]
[Result "1/2-1/2"]
[WhiteTitle "WFM"]
[WhiteElo "1929"]
[BlackElo "2266"]
[WhiteFideId "34177741"]
[BlackFideId "13303520"]
[EventDate "2020.05.26"]

1. d4 Nf6 2. Nf3 e6 3. e3 b6 4. Bd3 Bb7 5. O-O Be7 6. c4 O-O 7. Nc3 d5 8. b3
Nbd7 9. Bb2 a6 10. Qe2 c5 11. Ne5 dxc4 12. bxc4 Qc7 13. f4 Rfd8 14. Rad1 Nf8 15.
Bb1 cxd4 16. exd4 b5 17. c5 Ng6 18. Ne4 Nxe4 19. Bxe4 Bxe4 20. Qxe4 Bf6 21. Rc1
Ne7 22. Ng4 Rd5 23. Ne3 Rdd8 24. f5 exf5 25. Nxf5 Nxf5 26. Rxf5 Re8 27. Qg4 Qe7
28. Rcf1 Kh8 29. h3 Rad8 30. Rxf6 gxf6 31. d5 Qe3+ 32. Kh1 Re5 33. Bxe5 Qxe5 34.
c6 Rg8 35. Qf3 Rc8 36. Qxf6+ Qxf6 37. Rxf6 Kg7 38. Rd6 Kf8 39. Rd7 Ke8 40. Ra7
Rd8 41. c7 Rc8 42. d6 Kd7 43. Rxa6 Re8 44. Rb6 Re1+ 45. Kh2 Rc1 46. Kg3 Rc3+ 47.
Kg4 Rc5 48. Kf4 h6 49. Ke4 f5+ 50. Kd4 Rc4+ 51. Kd3 Rc1 52. Rxb5 Kxd6 53. Rxf5
Rxc7 54. Rf6+ Ke5 55. Rxh6 Ra7 56. Rh5+ Kf4 57. g4 Ra3+ 58. Kd4 Rxa2 59. Rh8 Kg5
60. Ke4 Rf2 61. Ke3 Rf7 62. Rg8+ Kh4 63. Rh8+ Kg5 64. Ke4 Rf1 65. Ke5 Re1+ 66.
Kd6 Re3 67. Kd5 Re1 68. Kd4 Re7 69. Kd5 Re1 70. Kd6 Re3 71. h4+ Kxg4 72. h5 Kg5
73. h6 Kg6 74. Kd7 Rd3+ 75. Ke8 Re3+ 76. Kd7 Rd3+ 77. Ke7 Re3+ 78. Kd6 Re1 79.
h7 Kg7 80. Rg8+ Kxh7 81. Rc8 Rd1+ 82. Kc7 Rc1+ 83. Kb8 Rxc8+ 84. Kxc8 1/2-1/2

[Event "Euro Online U2300 Day 2"]
[Site "chess.com INT"]
[Date "2020.05.26"]
[Round "3"]
[White "Sernecki, Franciszek"]
[Black "Caglar, Ahmet Ata"]
[Result "0-1"]
[WhiteTitle "FM"]
[WhiteElo "2243"]
[BlackElo "2077"]
[WhiteFideId "1169297"]
[BlackFideId "6328636"]
[EventDate "2020.05.26"]

1. d4 Nf6 2. c4 g6 3. Nc3 Bg7 4. e4 d6 5. Nf3 O-O 6. Be2 e5 7. O-O exd4 8. Nxd4
Re8 9. f3 c6 10. Kh1 Na6 11. Bf4 Nh5 12. Be3 Qh4 13. Qe1 Qxe1 14. Rfxe1 Nc5 15.
g4 Nf6 16. Rad1 Nfd7 17. Nc2 Be5 18. Bf1 Nb6 19. Nd4 Ne6 20. Nc2 Nf4 21. Nd4 h5
22. h3 hxg4 23. hxg4 Kg7 24. Kg1 Rh8 25. Rd2 Nh3+ 26. Kg2 Nf4+ 27. Kg1 Bd7 28.
b3 Rh7 29. Nce2 Nxe2+ 30. Rexe2 Rah8 31. Bg2 Bh2+ 32. Kf1 Bg3 33. Kg1 Rh2 34.
Nc2 Nc8 35. Bd4+ f6 36. Ne3 Be5 37. Nf1 R2h7 38. Be3 g5 39. Rd3 Ne7 40. Bxa7 c5
41. Bxc5 dxc5 42. Rxd7 Bd4+ 43. Ne3 Kf7 44. Kf1 b6 45. Nf5 Ke8 46. Rd6 Be5 47.
Rxb6 Ng6 48. Rd2 Rh1+ 49. Bxh1 Rxh1+ 50. Kf2 Rh2+ 51. Ke1 Bc3 52. Rd6 Ne5 53.
Ng7+ Kf7 54. Nh5 Nxf3+ 55. Kd1 Nxd2 56. Rd7+ Ke6 57. Rd5 Nxe4 58. Ng7+ Kf7 59.
Nf5 Be5 60. Rd7+ Ke8 61. Re7+ Kd8 62. Ra7 Nc3+ 63. Ke1 Nxa2 64. Ng7 Nc3 65. Ne6+
Kc8 66. Nxc5 Re2+ 67. Kf1 Rb2 68. Rf7 Nd1 69. Ke1 Ne3 70. Rf8+ Kc7 71. Ne4 Ng2+
72. Kd1 Ne3+ 73. Kc1 Rxb3 74. Rf7+ Kd8 75. Nxf6 Nxc4 76. Rd7+ Kc8 77. Rd5 Bxf6
78. Rc5+ Kd7 79. Rxc4 Rf3 80. Kd2 Rf4 81. Rxf4 gxf4 82. Kd3 Bg5 83. Ke4 Ke6 84.
Kf3 Ke5 85. Ke2 Ke4 86. Kf2 f3 87. Ke1 Kf4 88. Kf1 Kxg4 89. Kf2 Kf4 90. Kf1 Ke3
91. Ke1 f2+ 92. Kf1 Bd8 93. Kg2 Ke2 0-1

[Event "Euro Online U2300 Day 2"]
[Site "chess.com INT"]
[Date "2020.05.26"]
[Round "3"]
[White "Reizniece-Ozola, Dana"]
[Black "Vashchilov, Sergey"]
[Result "1/2-1/2"]
[WhiteTitle "WGM"]
[WhiteElo "2311"]
[BlackElo "2176"]
[WhiteFideId "11601124"]
[BlackFideId "13506676"]
[EventDate "2020.05.26"]

1. c4 e6 2. g3 d5 3. b3 Nf6 4. Bg2 Be7 5. Nf3 O-O 6. O-O a5 7. Nc3 c6 8. e3 Nbd7
9. Bb2 Rb8 10. Qc2 b6 11. d3 Ba6 12. a4 Rc8 13. e4 Qc7 14. Rfe1 Rfd8 15. Rad1
Bb4 16. Re2 h6 17. e5 Ne8 18. h4 Nc5 19. Na2 Nd7 20. Nxb4 axb4 21. Ra1 Qb7 22.
a5 bxa5 23. Rxa5 Qb6 24. Ra1 Ra8 25. Bd4 c5 26. Be3 Bb7 27. Ree1 d4 28. Bf4 Ra3
29. Rxa3 bxa3 30. Ra1 Ra8 31. Bc1 Qb4 32. Bd2 Qb6 33. Bc1 Qc7 34. Rxa3 Rxa3 35.
Bxa3 Nxe5 36. Nxe5 Bxg2 37. Kxg2 Qxe5 38. b4 cxb4 39. Bxb4 g5 40. hxg5 hxg5 41.
c5 g4 42. c6 Qd5+ 43. Kh2 Qf3 44. Ba5 Nd6 45. c7 Kg7 46. Kg1 Kg6 47. Be1 Qb7 48.
Qc5 Nc8 49. Qxd4 Qxc7 50. Qxg4+ Kf6 51. Bd2 Ke7 52. Bg5+ f6 53. Bf4 e5 54. Qg7+
Kd6 55. Qf8+ Kd5 56. Be3 Qc6 57. Qf7+ Qe6 58. Qb7+ Qc6 59. Qb3+ Kd6 60. Qb4+ Kd7
61. Qg4+ Qe6 62. Qa4+ Qc6 63. Qb3 Ne7 64. Qf7 Qd6 65. Kg2 Qd5+ 66. Qxd5+ Nxd5
67. Kf3 Ke6 68. Bd2 Ne7 69. g4 Nd5 70. Ke4 Ne7 71. f4 exf4 72. Kxf4 Nd5+ 73. Ke4
Ne7 74. Bf4 Nd5 75. d4 Nc3+ 76. Kf3 Nd5 77. Ke4 Nc3+ 78. Kd3 Nd5 79. Bg3 Ne7 80.
Bf4 Nd5 81. Bd2 Ne7 82. Ke4 Nd5 83. g5 fxg5 84. Bxg5 Nb4 85. Bd2 Nd5 86. Be1
Nf6+ 87. Kf4 Kd5 88. Bf2 Ne4 89. Be3 Nc3 90. Bg1 Ne2+ 91. Kf3 Nxg1+ 92. Kg2 Ne2
93. Kf2 Nxd4 1/2-1/2

[Event "Euro Online U2300 Day 2"]
[Site "chess.com INT"]
[Date "2020.05.26"]
[Round "3"]
[White "Kusa, Jakub"]
[Black "Budrewicz, Krzysztof"]
[Result "0-1"]
[WhiteElo "2177"]
[BlackElo "2227"]
[WhiteFideId "395595"]
[BlackFideId "1127950"]
[EventDate "2020.05.26"]

1. e4 c5 2. a3 e6 3. Nf3 Nc6 4. d4 cxd4 5. Nxd4 Nf6 6. Nxc6 bxc6 7. Bd3 d5 8.
Nc3 Be7 9. O-O O-O 10. Bg5 h6 11. Bh4 Rb8 12. b3 Bb7 13. Re1 Rc8 14. Qe2 d4 15.
Na4 e5 16. Nb2 Nd7 17. Bxe7 Qxe7 18. Nc4 Rc7 19. a4 Bc8 20. a5 Nf6 21. h3 Nh7
22. Qd2 Ng5 23. Kh1 Qf6 24. Nxe5 Nxh3 25. Nf3 c5 26. e5 Qf4 27. Qxf4 Nxf4 28.
Be4 Bb7 29. Bxb7 Rxb7 30. Nd2 Re8 31. Nc4 Re6 32. g3 Nd5 33. f4 g6 34. Kg2 h5
35. a6 Rc7 36. Ra5 Nb4 37. Rb5 Nxa6 38. Ra1 Nb4 39. Rb8+ Kg7 40. Nd6 Nxc2 41.
Rc1 Ne3+ 42. Kf3 Kh7 43. Ne8 Rxe8 44. Rxe8 Kg7 45. Rd8 Rb7 46. Rxc5 Rxb3 47.
Rcc8 Nf5+ 48. Ke4 Re3+ 49. Kd5 Ne7+ 50. Kxd4 Re1 51. Ra8 Nc6+ 52. Kc5 Nxd8 53.
Rxd8 Re3 54. Rd7 Kf8 55. Rxa7 Rxg3 56. Kd4 Rg1 57. Ke3 Re1+ 58. Kf2 Re4 59. Kf3
Rb4 60. Ra8+ Kg7 61. Ra7 Rb6 62. Kg3 Kf8 63. Kh4 Kg7 64. Kg3 Rb3+ 65. Kg2 Kg8
66. Ra8+ Kg7 67. Ra7 Kf8 68. Ra8+ Ke7 69. Ra6 Rb7 70. Kg3 Rc7 71. Kh4 Kf8 72.
Rf6 Kg7 73. Kg3 Rc3+ 74. Kg2 Re3 75. Kf2 Re4 76. Kf3 Re1 77. Kf2 Ra1 78. Kg3
Ra3+ 79. Kg2 h4 80. Rb6 h3+ 81. Kh2 Rf3 82. Rf6 Re3 83. Ra6 Kf8 84. Rf6 Ke7 85.
Ra6 Rf3 86. Rf6 Re3 87. Ra6 g5 88. fxg5 Rxe5 89. Ra7+ Kf8 90. g6 fxg6 91. Kxh3
Rg5 92. Ra3 Kg7 93. Ra7+ Kh6 94. Kh4 Rg1 95. Kh3 Kh5 0-1

[Event "Euro Online U2300 Day 2"]
[Site "chess.com INT"]
[Date "2020.05.26"]
[Round "3"]
[White "Akhmedov, David"]
[Black "Monteverde, Jonathan"]
[Result "1-0"]
[WhiteElo "1808"]
[BlackElo "2105"]
[WhiteFideId "34220194"]
[BlackFideId "1314580"]
[EventDate "2020.05.26"]

1. e4 e6 2. d3 d5 3. Nd2 c5 4. Ngf3 Nc6 5. g3 Bd6 6. Bg2 Nge7 7. O-O O-O 8. Nh4
b6 9. f4 dxe4 10. Nxe4 Bc7 11. Nf2 Rb8 12. c3 Ba6 13. Qc2 Nd5 14. Bd2 Bb7 15.
Nf3 Nce7 16. Nh4 Nf6 17. Bxb7 Rxb7 18. Rad1 Bb8 19. Bc1 Rd7 20. Ne4 Ng4 21. Qe2
Nh6 22. Nf2 Nhf5 23. Nxf5 Nxf5 24. Ng4 Qe7 25. Ne3 Nxe3 26. Bxe3 Rfd8 27. Rd2 e5
28. f5 f6 29. Rfd1 Rd5 30. Bf2 Qd7 31. Qe4 Qf7 32. g4 R5d7 33. Be3 Qxa2 34. Qc4+
Qxc4 35. dxc4 Rxd2 36. Rxd2 Rxd2 37. Bxd2 e4 38. h3 g6 39. Kf2 g5 40. Bc1 Kf7
41. Be3 Bh2 42. Bc1 Ke7 43. Be3 Kd6 44. Bc1 Ke5 45. Be3 Bf4 46. Ke2 Bg3 47. Bd2
e3 48. Bxe3 Ke4 49. Bg1 Bf4 50. Bf2 Bc1 51. b3 Bb2 52. Be1 Bc1 53. Bf2 Bf4 54.
Be1 Be5 55. Bd2 Bg3 56. Be3 Be1 57. Bxg5 Bxc3 58. Be3 Bd4 59. Bd2 a6 60. Bh6 b5
61. Bd2 bxc4 62. bxc4 Be5 63. Be1 Bc7 64. Bc3 Be5 65. Be1 Kd4 66. Bh4 Kxc4 67.
g5 fxg5 68. Bxg5 Kd5 69. Kd3 c4+ 70. Kc2 Ke4 71. f6 Kf5 72. f7 Bd6 73. Bh6 Kg6
74. f8=Q Bxf8 75. Bxf8 Kh5 76. Be7 Kg6 77. Kc3 Kf7 78. Bd8 Ke8 79. Bh4 Kd7 80.
Kxc4 Kc6 81. Kb4 Kb6 82. Bf2+ Kb7 83. Ka5 Kc6 84. Kxa6 Kd5 85. Kb6 Ke4 86. Kc6
Kf3 87. Be1 Kg2 88. h4 Kf1 89. Bc3 Kg2 90. Kd5 Kh3 91. Bf6 Kg4 92. Ke4 h5 93.
Be7 Kg3 94. Kf5 Kh3 95. Kg5 Kg3 96. Kxh5 Kf3 97. Kg6 Ke3 98. h5 Kd3 99. h6 Kc3
100. h7 Kb3 101. h8=Q Kc2 102. Bb4 Kd1 103. Qh2 Kc1 104. Qd2+ Kb1 105. Ba3 Ka1
106. Qb2# 1-0

[Event "Euro Online U2300 Day 2"]
[Site "chess.com INT"]
[Date "2020.05.26"]
[Round "3"]
[White "Timagin, Petr"]
[Black "Davtyan, Artur"]
[Result "0-1"]
[WhiteTitle "FM"]
[BlackTitle "IM"]
[WhiteElo "2337"]
[BlackElo "2461"]
[WhiteFideId "4137698"]
[BlackFideId "13308327"]
[EventDate "2020.05.26"]

1. e4 e5 2. Nf3 Nc6 3. Bb5 a6 4. Ba4 g6 5. h4 h6 6. d4 exd4 7. Nxd4 Bg7 8. Nxc6
bxc6 9. h5 g5 10. Nc3 Ne7 11. Be3 d6 12. Bd4 O-O 13. Bxg7 Kxg7 14. Qd4+ f6 15.
O-O-O Be6 16. f4 c5 17. Qe3 Qb8 18. fxg5 fxg5 19. Bb3 Bxb3 20. axb3 Qb4 21. Rhf1
Rxf1 22. Rxf1 Rf8 23. Rxf8 Kxf8 24. Qh3 Qd4 25. Qe6 Qg1+ 26. Nd1 Qxg2 27. Qxh6+
Ke8 28. Qh8+ Kd7 29. Qg7 Qxe4 30. Qxg5 Nd5 31. Qd2 Qh1 32. h6 Kc6 33. c3 Qh4 34.
Kb1 Nf4 35. Ka2 Qxh6 36. Nf2 Qh2 37. Qe3 Nd5 38. Qf3 Qf4 39. Qg2 c4 40. b4 Qd2
41. Qf3 Kb6 42. Ka1 Ne3 43. Ne4 Qc1+ 44. Ka2 Nc2 45. Qf2+ Kb7 46. Nxd6+ cxd6 47.
Qf7+ Kb6 48. Qxc4 Qa1+ 49. Kb3 Qd1 50. Ka2 Ne3 51. Qc8 Qd5+ 52. Kb1 Qd1+ 53. Ka2
Qd5+ 54. Kb1 Nc4 55. Qb8+ Qb7 56. Qd8+ Qc7 57. Qg5 Ka7 58. Qd5 Nb6 59. Qd4 d5
60. Kc2 Kb7 61. b3 Qf7 62. Kb2 Nc8 63. Ka3 Nd6 64. Qc5 Nb5+ 65. Kb2 Qd7 66. c4
dxc4 67. bxc4 Qd2+ 68. Ka1 Qc1+ 69. Ka2 Qc2+ 70. Ka1 Qa4+ 71. Kb2 Qa3+ 72. Kb1
Qb3+ 73. Ka1 Qd1+ 74. Kb2 Qd2+ 75. Ka1 Nc7 76. b5 Qc3+ 77. Ka2 axb5 78. Qa3
Qxc4+ 79. Kb2 b4 80. Qf3+ Qc6 81. Qf7 Qd5 82. Qe7 Qd4+ 83. Kb3 Qc3+ 84. Ka2 b3+
85. Ka3 Qc4 86. Kb2 Qc2+ 87. Ka3 Qc4 88. Kb2 Qc2+ 89. Ka3 Qc3 90. Ka4 b2 91. Qh7
Qc1 92. Qe4+ Qc6+ 93. Ka5 Qd5+ 0-1

[Event "Euro Online U2300 Day 2"]
[Site "chess.com INT"]
[Date "2020.05.26"]
[Round "4"]
[White "Tsybulkin, Ivan"]
[Black "De Verdier, Michael"]
[Result "0-1"]
[BlackTitle "FM"]
[WhiteElo "1814"]
[BlackElo "2291"]
[WhiteFideId "34165140"]
[BlackFideId "1710516"]
[EventDate "2020.05.26"]

1. d4 Nf6 2. Bf4 d5 3. e3 e6 4. Nf3 Bd6 5. Ne5 O-O 6. Nd2 c5 7. c3 Nc6 8. Bd3
Qc7 9. Ndf3 Ne4 10. Qc2 f5 11. h3 Bd7 12. g4 cxd4 13. exd4 fxg4 14. Nxd7 Rxf4
15. Nfe5 Bxe5 16. Nxe5 Nxe5 17. dxe5 0-1

[Event "Euro Online U2300 Day 2"]
[Site "chess.com INT"]
[Date "2020.05.26"]
[Round "4"]
[White "Trokhymyshyn, Sergii"]
[Black "Korneevets, Alexander"]
[Result "1-0"]
[BlackTitle "IM"]
[WhiteElo "2157"]
[BlackElo "2267"]
[WhiteFideId "14135604"]
[BlackFideId "13500180"]
[EventDate "2020.05.26"]

1. e4 e5 2. Nf3 Nc6 3. d4 exd4 4. Bc4 Bc5 5. O-O Nf6 6. e5 d5 7. exf6 dxc4 8.
Re1+ Be6 9. fxg7 Rg8 10. Bg5 Qd5 11. Nc3 Qf5 12. Ne4 Rxg7 13. Nh4 Qxg5 14. Nxg5
Rxg5 15. f4 1-0

[Event "Euro Online U2300 Day 2"]
[Site "chess.com INT"]
[Date "2020.05.26"]
[Round "4"]
[White "Can, Melih Kaan"]
[Black "Gheorghiu, Calin"]
[Result "1-0"]
[BlackTitle "FM"]
[WhiteElo "2105"]
[BlackElo "2283"]
[WhiteFideId "6317383"]
[BlackFideId "1200305"]
[EventDate "2020.05.26"]

1. e4 c5 2. Nf3 d6 3. d4 cxd4 4. Nxd4 Nf6 5. Nc3 g6 6. Be3 Bg7 7. f3 O-O 8. Qd2
Nc6 9. Bc4 Bd7 10. h4 Rc8 11. Bb3 Ne5 12. h5 Nc4 13. Bxc4 Rxc4 14. O-O-O Qa5 15.
Nb3 Qc7 16. Bh6 Rc8 17. hxg6 fxg6 18. Bxg7 Kxg7 19. Qh6+ Kg8 20. Nd5 Rxc2+ 21.
Kb1 Nxd5 22. Qxh7+ Kf8 23. Qh8+ Kf7 24. Rh7+ Ke6 25. Nd4# 1-0

[Event "Euro Online U2300 Day 2"]
[Site "chess.com INT"]
[Date "2020.05.26"]
[Round "4"]
[White "Tzoumbas, Anastasios"]
[Black "Tsereteli, Tornike"]
[Result "1-0"]
[WhiteTitle "FM"]
[WhiteElo "2284"]
[BlackElo "1735"]
[WhiteFideId "4200519"]
[BlackFideId "13612565"]
[EventDate "2020.05.26"]

1. c4 Nf6 2. Nc3 d5 3. cxd5 Nxd5 4. g3 g6 5. Bg2 Nb6 6. Nf3 Bg7 7. O-O O-O 8. d3
Nc6 9. a3 Re8 10. Bd2 e5 11. Rc1 a5 12. Ne4 a4 13. Nc5 Nd7 14. Nxa4 Nf6 15. Nc5
Rb8 16. Ng5 h6 17. Nge4 Nxe4 18. Bxe4 f5 19. Qb3+ Kh7 20. Bxc6 bxc6 21. Qxb8 Qd5
22. Qb3 1-0

[Event "Euro Online U2300 Day 2"]
[Site "chess.com INT"]
[Date "2020.05.26"]
[Round "4"]
[White "Tevzadze, Mariam"]
[Black "Tsomaia, Nikoloz"]
[Result "1/2-1/2"]
[WhiteElo "1834"]
[BlackElo "2240"]
[WhiteFideId "13605470"]
[BlackFideId "13611518"]
[EventDate "2020.05.26"]

1. d4 Nf6 2. Nf3 g6 3. c3 Bg7 4. Bf4 d6 5. Nbd2 O-O 6. h3 Nbd7 7. e3 Re8 8. Bh2
e5 9. Bc4 Qe7 10. O-O b6 11. a4 a6 12. dxe5 dxe5 13. Ng5 Rf8 14. Qe2 Bb7 15.
Rfd1 h6 16. Ngf3 Ne8 17. e4 Nd6 18. Bb3 Nc5 19. Bc2 a5 20. Qe3 Kh7 1/2-1/2

[Event "Euro Online U2300 Day 2"]
[Site "chess.com INT"]
[Date "2020.05.26"]
[Round "4"]
[White "Papadiamandis, Elliot"]
[Black "Karacsonyi, Gellert"]
[Result "0-1"]
[WhiteTitle "CM"]
[BlackTitle "FM"]
[WhiteElo "2269"]
[BlackElo "2292"]
[WhiteFideId "36074160"]
[BlackFideId "764620"]
[EventDate "2020.05.26"]

1. e4 c5 2. Nc3 Nc6 3. Nf3 g6 4. Bb5 Bg7 5. O-O e5 6. a3 Nge7 7. b4 d6 8. bxc5
dxc5 9. Bc4 O-O 10. d3 Bg4 11. h3 Bxf3 12. Qxf3 Nd4 13. Qd1 Qd7 14. a4 Kh8 15.
Nd5 b6 16. c3 Ne6 17. Nxe7 Qxe7 18. a5 Rab8 19. axb6 axb6 0-1

[Event "Euro Online U2300 Day 2"]
[Site "chess.com INT"]
[Date "2020.05.26"]
[Round "4"]
[White "Kamer, Kayra"]
[Black "Dalkowski, Rafal"]
[Result "1-0"]
[WhiteTitle "FM"]
[WhiteElo "2325"]
[BlackElo "1877"]
[WhiteFideId "6367879"]
[BlackFideId "21862460"]
[EventDate "2020.05.26"]

1. e4 c6 2. d4 d5 3. f3 a6 4. c4 dxc4 5. Bxc4 e6 6. Nc3 Nd7 7. Nge2 Nb6 8. Bb3
Bd6 9. O-O Qh4 10. g3 Qd8 11. a4 h5 12. a5 Nd7 13. e5 Bc7 14. Ne4 Ne7 15. Bg5
Bxa5 16. Nd6+ Kf8 17. f4 Qc7 18. Bxe7+ Kxe7 19. f5 Rf8 20. fxe6 fxe6 21. Nf4 Qb6
22. Ng6+ Kd8 23. Nxf8 Nxe5 24. Rxa5 Qxa5 25. dxe5 Qc5+ 26. Kh1 Kc7 27. Ne8+ Kb6
28. Qd2 Ka7 29. Qf2 Kb6 30. Nd6 a5 31. Nxc8+ Rxc8 32. Nd7+ Ka7 33. Qxc5+ b6 34.
Qxb6+ Ka8 35. Qa6# 1-0

[Event "Euro Online U2300 Day 2"]
[Site "chess.com INT"]
[Date "2020.05.26"]
[Round "4"]
[White "Simet, Martin"]
[Black "Abbasov, Amil1"]
[Result "0-1"]
[WhiteTitle "FM"]
[WhiteElo "2194"]
[BlackElo "2172"]
[WhiteFideId "377244"]
[BlackFideId "13402277"]
[EventDate "2020.05.26"]

1. d4 Nf6 2. Nc3 g6 3. e4 d6 4. Nf3 Bg7 5. h3 O-O 6. Be2 c5 7. O-O cxd4 8. Nxd4
Nc6 9. Be3 Bd7 10. Qd2 Nxd4 11. Bxd4 Bc6 12. Rad1 Re8 13. Nd5 Nxe4 14. Qe3 e5
15. Bxa7 Bxd5 16. Rxd5 Nf6 17. Rd2 d5 18. Bb6 Qd6 19. Qb3 d4 20. Bc4 Re7 21. c3
Nd7 22. cxd4 Qxb6 23. dxe5 Qxb3 24. Bxb3 Nxe5 25. f4 Nc6 26. Rc1 Bd4+ 27. Kh2
Be3 0-1

[Event "Euro Online U2300 Day 2"]
[Site "chess.com INT"]
[Date "2020.05.26"]
[Round "4"]
[White "Vardanyan, Aras"]
[Black "Akhmedov, David"]
[Result "1-0"]
[WhiteElo "2178"]
[BlackElo "1808"]
[WhiteFideId "12808792"]
[BlackFideId "34220194"]
[EventDate "2020.05.26"]

1. d4 d6 2. c4 Nf6 3. f3 g6 4. e4 Bg7 5. Ne2 O-O 6. Be3 Nbd7 7. Nbc3 b6 8. Qd2
c5 9. d5 Ne5 10. Nc1 a6 11. Be2 Bd7 12. O-O Rb8 13. a4 Qe8 14. h3 Bc8 15. f4
Ned7 16. Nd3 b5 17. axb5 axb5 18. cxb5 Nb6 19. b3 c4 20. Nb4 cxb3 21. Nc6 Rb7
22. Ra6 Nbd7 23. e5 dxe5 24. fxe5 Nh5 25. Bxh5 Rxb5 26. Nxb5 Bxa6 27. Nc7 Qc8
28. Nxe7+ Kh8 29. Nxc8 Rxc8 30. Nxa6 Rc2 31. Qb4 Bxe5 32. Bd1 Rb2 33. Bd4 Rxg2+
34. Kxg2 Bxd4 35. Qxd4+ Ne5 36. Qxe5+ Kg8 37. Qe8+ Kg7 38. Qxf7+ Kh6 39. Qf4+
Kg7 40. Qf8# 1-0

[Event "Euro Online U2300 Day 2"]
[Site "chess.com INT"]
[Date "2020.05.26"]
[Round "4"]
[White "Labiano Hernandez, Juan"]
[Black "Altarbosh, Ward"]
[Result "1-0"]
[BlackTitle "FM"]
[WhiteElo "2158"]
[BlackElo "2234"]
[WhiteFideId "24556840"]
[BlackFideId "7601450"]
[EventDate "2020.05.26"]

1. e4 e6 2. d4 d5 3. Nc3 Nf6 4. e5 Nfd7 5. f4 c5 6. Nf3 Nc6 7. Be3 a6 8. g3 b5
9. Bg2 Qb6 10. Ne2 Bb7 11. O-O g6 12. c3 c4 13. h3 h6 14. g4 Ne7 15. Ng3 O-O-O
16. b3 h5 17. Ng5 hxg4 18. hxg4 f6 19. Nf7 Bg7 20. bxc4 fxe5 21. c5 Qc7 22. Nxd8
exd4 23. Nxe6 Qc6 24. Nxd4 Qxc5 25. Ndf5 1-0

[Event "Euro Online U2300 Day 2"]
[Site "chess.com INT"]
[Date "2020.05.26"]
[Round "4"]
[White "Toure, Vasanth"]
[Black "Khachatryan, Veronika"]
[Result "0-1"]
[WhiteElo "2132"]
[BlackElo "1869"]
[WhiteFideId "26014580"]
[BlackFideId "13310852"]
[EventDate "2020.05.26"]

1. e4 c5 2. Nf3 Nc6 3. d4 cxd4 4. Nxd4 g6 5. c4 d6 6. Be3 Nf6 7. Nc3 Ng4 8. Bc1
Qb6 9. h3 Nxf2 10. Kxf2 Qxd4+ 11. Be3 Qxd1 12. Rxd1 Bg7 13. Nd5 O-O 14. b4 Be6 0-1

[Event "Euro Online U2300 Day 2"]
[Site "chess.com INT"]
[Date "2020.05.26"]
[Round "4"]
[White "Marchesich, Giovanni"]
[Black "Skliarov, Viktor"]
[Result "0-1"]
[BlackTitle "IM"]
[WhiteElo "2046"]
[BlackElo "2376"]
[WhiteFideId "2824790"]
[BlackFideId "14106736"]
[EventDate "2020.05.26"]

1. e4 c5 2. Nf3 Nc6 3. d4 cxd4 4. Nxd4 Nf6 5. Nc3 e5 6. Ndb5 d6 7. Bg5 a6 8. Na3
b5 9. Bxf6 gxf6 10. Nd5 f5 11. c3 Bg7 12. Bd3 Be6 13. Nxb5 axb5 14. Bxb5 Bd7 15.
exf5 e4 16. O-O O-O 17. a4 Kh8 18. Qg4 Re8 19. Rad1 Re5 20. Ne3 Qf6 21. Qh5 Bf8
22. f4 exf3 23. Rxf3 Rae8 0-1